Geografía : economía y sociedad en el mundo actual /
Guardado en:
| Autor Principal: | |
|---|---|
| Otros Autores: | , |
| Formato: | Libro |
| Publicado: |
Ciudad Autónoma de Buenos Aires :
Longseller,
2015
|
| Series: | Enfoques
|
| Materias: | |
| Etiquetas: |
Agregar Etiqueta
Sin Etiquetas, Sea el primero en etiquetar este registro!
|
| LEADER | 01531nam a22003255a 4500 | ||
|---|---|---|---|
| 001 | CEM.cems018470 | ||
| 005 | 20150903113456.0 | ||
| 008 | 130507s2015##################000#0#####d | ||
| 003 | CEMS | ||
| 020 | |a 9789876834490 | ||
| 082 | 0 | 4 | |a 330.9 |
| 100 | 1 | |a Flores, Fabián Claudio | |
| 245 | 1 | 0 | |a Geografía : |b economía y sociedad en el mundo actual / |c Coordinado Por Fabián Claudio Flores |
| 260 | |a Ciudad Autónoma de Buenos Aires : |b Longseller, |c 2015 | ||
| 300 | |a 208 p. | ||
| 490 | 0 | |a Enfoques | |
| 505 | 0 | |a Un mundo globalizado, un mundo desigual -- Ambiente, recursos y sociedad en el mundo actual -- La población en un mundo globalizado -- Los espacios rurales en el mundo global -- Los espacios urbanos en el mundo global -- Espacio, política y cultura en un mundo global | |
| 653 | |a Geografía | ||
| 653 | |a Geografía mundial | ||
| 653 | |a Globalización | ||
| 700 | 1 | |a González Maraschio, Fernanda | |
| 700 | 1 | |a Benítez, Carlos | |
| 859 | |a CEMS |b BIB. CEMS - Agricultura |h 330.9 |i F663 |p A2455.15 |t Ej.1 | ||
| 859 | |a CEMS |b BIB. CEMS - Agricultura |h 330.9 |i F663 |p A2456.15 |t Ej.2 | ||
| 859 | |a CEMS |b BIB. CEMS - Agricultura |h 330.9 |i F663 |p A2457.15 |t Ej.3 | ||
| 859 | |a CEMS |b BIB. CEMS - Agricultura |h 330.9 |i F663 |p A2458.15 |t Ej.4 | ||
| 859 | |a CEMS |b BIB. CEMS - Agricultura |h 330.9 |i F663 |p A2459.15 |t Ej.5 | ||
| 859 | |a CEMS |b BIB. CEMS - Agricultura |h 330.9 |i F663 |p A2460.15 |t Ej.6 | ||
| 859 | |a CEMS |b BIB. CEMS - Agricultura |h 330.9 |i F663 |p A2461.15 |t Ej.7 | ||
| 859 | |a CEMS |b BIB. CEMS - Agricultura |h 330.9 |i F663 |p A2938.17 |t Ej.8 | ||
